<?xml version="1.0" encoding="UTF-8"?>
<record
    xmlns:xsi="http://www.w3.org/2001/XMLSchema-instance"
    xsi:schemaLocation="http://www.loc.gov/MARC21/slim http://www.loc.gov/standards/marcxml/schema/MARC21slim.xsd"
    xmlns="http://www.loc.gov/MARC21/slim">

  <leader>01388cam a22002535a 4500</leader>
  <controlfield tag="001">4267395</controlfield>
  <controlfield tag="005">20160825103119.0</controlfield>
  <controlfield tag="008">980323t1997    nyu    frb    001 0 eng d</controlfield>
  <datafield tag="020" ind1=" " ind2=" ">
    <subfield code="a">9780609801727</subfield>
  </datafield>
  <datafield tag="040" ind1=" " ind2=" ">
    <subfield code="a">DPB</subfield>
    <subfield code="c">DPB</subfield>
    <subfield code="d">NOR</subfield>
    <subfield code="d">EG-ScBUE</subfield>
    <subfield code="b">eng</subfield>
  </datafield>
  <datafield tag="082" ind1="0" ind2="4">
    <subfield code="a">332.49</subfield>
    <subfield code="2">22</subfield>
    <subfield code="b">WEA</subfield>
  </datafield>
  <datafield tag="100" ind1="1" ind2=" ">
    <subfield code="a">Weatherford, J. McIver.</subfield>
    <subfield code="9">40692</subfield>
  </datafield>
  <datafield tag="245" ind1="1" ind2="4">
    <subfield code="a">The history of money :</subfield>
    <subfield code="b">from sandstone to cyberspace /</subfield>
    <subfield code="c">Jack Weatherford.</subfield>
  </datafield>
  <datafield tag="260" ind1=" " ind2=" ">
    <subfield code="a">New York :</subfield>
    <subfield code="b">Three Rivers Press,</subfield>
    <subfield code="c">c.1997.</subfield>
  </datafield>
  <datafield tag="300" ind1=" " ind2=" ">
    <subfield code="a">xv, 288 p. ;</subfield>
    <subfield code="c">21 cm.</subfield>
  </datafield>
  <datafield tag="500" ind1=" " ind2=" ">
    <subfield code="a">"Originally published in hardcover by Crown Publishers, Inc. in 1997."--T.p. verso.</subfield>
  </datafield>
  <datafield tag="500" ind1=" " ind2=" ">
    <subfield code="a">Index : p. 283-288.
</subfield>
  </datafield>
  <datafield tag="504" ind1=" " ind2=" ">
    <subfield code="a">Bibliography : p. 275-281.
</subfield>
  </datafield>
  <datafield tag="505" ind1="0" ind2="0">
    <subfield code="t">Cannibals, chocolate, and cash --</subfield>
    <subfield code="g">2. The</subfield>
    <subfield code="t">fifth element --</subfield>
    <subfield code="g">3. The</subfield>
    <subfield code="t">premature death of money --</subfield>
    <subfield code="g">4.</subfield>
    <subfield code="t">Knights of commerce --</subfield>
    <subfield code="g">5. The</subfield>
    <subfield code="t">Renaissance : new money for old art --</subfield>
    <subfield code="g">6. The</subfield>
    <subfield code="t">golden curse --</subfield>
    <subfield code="g">7. The</subfield>
    <subfield code="t">birth of the dollar --</subfield>
    <subfield code="g">8. The</subfield>
    <subfield code="t">devil's mint --</subfield>
    <subfield code="g">9.</subfield>
    <subfield code="t">Metric money --</subfield>
    <subfield code="g">10. The</subfield>
    <subfield code="t">gold bug --</subfield>
    <subfield code="g">11. The</subfield>
    <subfield code="t">yellow brick road --</subfield>
    <subfield code="g">12. The</subfield>
    <subfield code="t">golden playpen of politics --</subfield>
    <subfield code="g">13.</subfield>
    <subfield code="t">Wild money and the stealth tax --</subfield>
    <subfield code="g">14. The</subfield>
    <subfield code="t">cash ghetto --</subfield>
    <subfield code="g">15.</subfield>
    <subfield code="t">Interlude in plastic --</subfield>
    <subfield code="g">16. The</subfield>
    <subfield code="t">erotic life of electronic money --</subfield>
    <subfield code="g">17. The</subfield>
    <subfield code="t">art of currency terror --</subfield>
    <subfield code="g">18. The</subfield>
    <subfield code="t">age of money.</subfield>
  </datafield>
  <datafield tag="650" ind1=" " ind2="7">
    <subfield code="a">Money</subfield>
    <subfield code="x">History.</subfield>
    <subfield code="2">BUEsh</subfield>
    <subfield code="9">36879</subfield>
  </datafield>
  <datafield tag="651" ind1=" " ind2=" ">
    <subfield code="2">BUEsh</subfield>
  </datafield>
  <datafield tag="653" ind1=" " ind2=" ">
    <subfield code="b">BUSADM</subfield>
    <subfield code="c">August 2016	</subfield>
  </datafield>
  <datafield tag="942" ind1=" " ind2=" ">
    <subfield code="2">ddc</subfield>
  </datafield>
  <datafield tag="999" ind1=" " ind2=" ">
    <subfield code="c">22136</subfield>
    <subfield code="d">22108</subfield>
  </datafield>
  <datafield tag="952" ind1=" " ind2=" ">
    <subfield code="0">0</subfield>
    <subfield code="1">0</subfield>
    <subfield code="2">ddc</subfield>
    <subfield code="4">0</subfield>
    <subfield code="7">0</subfield>
    <subfield code="8">Baccah</subfield>
    <subfield code="a">MAIN</subfield>
    <subfield code="b">MAIN</subfield>
    <subfield code="c">1ST</subfield>
    <subfield code="d">2016-08-11</subfield>
    <subfield code="e">Purchase</subfield>
    <subfield code="g">124.00</subfield>
    <subfield code="h">24096</subfield>
    <subfield code="l">3</subfield>
    <subfield code="m">20</subfield>
    <subfield code="o">332.49 WEA</subfield>
    <subfield code="p">000033251</subfield>
    <subfield code="r">2026-04-11 00:00:00</subfield>
    <subfield code="s">2026-01-27</subfield>
    <subfield code="v">155.00</subfield>
    <subfield code="y">BB</subfield>
  </datafield>
</record>
